000 00557nam a22001697a 4500
999 _c15350
_d15350
082 _a631.37
_bBHA/DE
100 _aBHATTACHARYA, BHUPEN KUMAR
_93026
245 _aDesign, development, fabrication and testing of a power operated paddy weeder for dryland cultivation
260 _aTavanur
_bKelappaji College of Agricultural Engineering and Technology
_c1990
300 _a69
500 _aproject report
520 _aproject report
650 _aproject report
_92985
700 _aGopakumar Menon, T
_93027
700 _aJayasree, P
_93028
942 _cPR